[Event "Muensterland Regionalliga 1920"]
[Site "Germany"]
[Date "2020.01.11"]
[Round "5.6"]
[White "Suer, Julian"]
[Black "Bruemmer, Andreas"]
[Result "0-1"]
[WhiteElo "1779"]
[BlackElo "1917"]
[PlyCount "80"]
[EventDate "2019.09.07"]
[EventType "team-tourn"]
[EventRounds "7"]
[EventCountry "GER"]
[SourceTitle "EXT 2023"]
[Source "ChessBase"]
[SourceDate "2022.10.05"]
[SourceVersion "1"]
[SourceVersionDate "2022.10.05"]
[SourceQuality "1"]
[WhiteTeam "Raesfeld Erle II"]
[BlackTeam "Rheine Klein Berlin"]
[WhiteTeamCountry "GER"]
[BlackTeamCountry "GER"]

1. e4 c5 2. d4 cxd4 3. c3 dxc3 4. Nxc3 Nc6 5. Nf3 e6 6. Bc4 Qc7 7. 0-0 Nf6 8. e5 Nxe5 9. Nxe5 Qxe5 10. Re1 Qc7 11. Bb3 Be7 12. Be3 0-0 13. Rc1 Qa5 14. Bf4 b5 15. Qf3 Ba6 16. Ne4 Rac8 17. Be5 Nxe4 18. Qxe4 f5 19. Qd4 Rxc1 20. Rxc1 Rc8 21. Rd1 d5 22. Bxg7 Qb6 23. Qe5 Qd6 24. Qd4 b4 25. Bh6 Bf8 26. Bxf8 Rxf8 27. Qxa7 Rc8 28. Qe3 f4 29. Qf3 Qe5 30. Qg4+ Kh8 31. Qh4 f3 32. g3 Be2 33. Re1 Qxb2 34. Qxb4 Qc3 35. Qxc3+ Rxc3 36. h4 d4 37. Bxe6 d3 38. Bb3 d2 39. Rf1 Bxf1 40. Kxf1 Rxb3 0-1

[Event "Muensterland Regionalliga 1516"]
[Site "Germany"]
[Date "2016.02.27"]
[Round "7.5"]
[White "Ollech, Dirk"]
[Black "Bruemmer, Andreas"]
[Result "1/2-1/2"]
[WhiteElo "1925"]
[BlackElo "1921"]
[PlyCount "47"]
[EventDate "2015.09.05"]
[EventType "team"]
[EventRounds "9"]
[EventCountry "GER"]
[SourceTitle "EXT 2017"]
[Source "ChessBase"]
[SourceDate "2016.10.25"]
[SourceVersion "1"]
[SourceVersionDate "2016.10.25"]
[SourceQuality "1"]
[WhiteTeam "Muenster SK III"]
[BlackTeam "Rheine Klein Berlin"]
[WhiteTeamCountry "GER"]
[BlackTeamCountry "GER"]

1. d4 f5 2. c4 Nf6 3. Nc3 e6 4. g3 Be7 5. Bg2 0-0 6. Nf3 Ne4 7. Qc2 d5 8. 0-0 c6 9. Rb1 Nd7 10. b4 Ndf6 11. Ne5 Nxc3 12. Qxc3 Ne4 13. Qc2 Bd7 14. c5 Be8 15. a4 a6 16. Be3 Rc8 17. f3 Ng5 18. Bf2 Bf6 19. Nd3 Qe7 20. Rbe1 h5 21. h4 Nf7 22. Nf4 Nh6 23. Nh3 Bg6 24. f4 1/2-1/2

[Event "Steinfurt Bezirk-ch"]
[Site "Rheine"]
[Date "2009.01.19"]
[Round "7"]
[White "Bruemmer, Andreas"]
[Black "Lerke, Bernd"]
[Result "1-0"]
[WhiteElo "1874"]
[BlackElo "1899"]
[PlyCount "82"]
[EventDate "2008.10.20"]
[EventType "swiss"]
[EventRounds "7"]
[EventCountry "GER"]
[SourceTitle "EXT 2010"]
[Source "ChessBase"]
[SourceDate "2010.11.25"]
[SourceVersion "1"]
[SourceVersionDate "2010.11.25"]
[SourceQuality "1"]

1. Nf3 c5 2. c4 Nc6 3. d4 cxd4 4. Nxd4 g6 5. e4 Bg7 6. Be3 Nf6 7. Nc3 0-0 8. Be2 Nxd4 9. Bxd4 d6 10. 0-0 b6 11. Qd2 Bb7 12. f3 Ne8 13. Rad1 Bc6 14. Rfe1 e5 15. Bf2 Bf6 16. Be3 Qe7 17. Nd5 Bxd5 18. cxd5 Nc7 19. Rc1 Rfc8 20. Rc6 Ne8 21. Rec1 Rxc6 22. Rxc6 h5 23. Qc1 g5 24. a4 Kh7 25. g3 Kg6 26. Bd3 Qd7 27. Kh1 Bd8 28. f4 f6 29. b3 Ng7 30. f5+ Kf7 31. h3 Ke7 32. Kg2 Rb8 33. g4 Rb7 34. Bxg5 fxg5 35. Qxg5+ Kf8 36. f6 hxg4 37. fxg7+ Kg8 38. Qxg4 Qxg4+ 39. hxg4 Rxg7 40. Rc8 Rxg4+ 41. Kh3 Rf4 1-0

[Event "Steinfurt Bezirk-ch"]
[Site "Rheine"]
[Date "2008.12.15"]
[Round "5"]
[White "Kuempers, Ulrich"]
[Black "Bruemmer, Andreas"]
[Result "1-0"]
[WhiteElo "2005"]
[BlackElo "1874"]
[PlyCount "49"]
[EventDate "2008.10.20"]
[EventType "swiss"]
[EventRounds "7"]
[EventCountry "GER"]
[SourceTitle "EXT 2010"]
[Source "ChessBase"]
[SourceDate "2010.11.25"]
[SourceVersion "1"]
[SourceVersionDate "2010.11.25"]
[SourceQuality "1"]

1. d4 Nf6 2. c4 e6 3. Nf3 b6 4. g3 Ba6 5. Qc2 c5 6. d5 exd5 7. cxd5 Bb7 8. Bg2 d6 9. e4 a6 10. 0-0 g6 11. Nc3 Bg7 12. e5 dxe5 13. Nxe5 0-0 14. Bg5 h6 15. Bxf6 Bxf6 16. f4 Re8 17. Rfe1 Bxe5 18. fxe5 Qg5 19. Ne4 Qxe5 20. Nf6+ Qxf6 21. Rxe8+ Kh7 22. Rf1 Qd4+ 23. Qf2 Qxf2+ 24. Rxf2 Nd7 25. Re7 1-0

[Event "Steinfurt Bezirk-ch"]
[Site "Rheine"]
[Date "2008.11.03"]
[Round "2"]
[White "Bruemmer, Andreas"]
[Black "Ottens, Stephan"]
[Result "0-1"]
[WhiteElo "1874"]
[BlackElo "2185"]
[PlyCount "128"]
[EventDate "2008.10.20"]
[EventType "swiss"]
[EventRounds "7"]
[EventCountry "GER"]
[SourceTitle "EXT 2010"]
[Source "ChessBase"]
[SourceDate "2010.11.25"]
[SourceVersion "1"]
[SourceVersionDate "2010.11.25"]
[SourceQuality "1"]

1. d4 Nf6 2. Bg5 Ne4 3. Bf4 c5 4. f3 Qa5+ 5. c3 Nf6 6. Nd2 cxd4 7. Nb3 Qb6 8. Qxd4 Nc6 9. Qxb6 axb6 10. e4 d5 11. Bd3 e5 12. exd5 Nxd5 13. Bg3 Be6 14. Ne2 Nxc3 15. Nxc3 Bxb3 16. 0-0 Bc5+ 17. Kh1 Be6 18. Nb5 Rc8 19. Rfe1 0-0 20. Bxe5 Rfd8 21. Bf1 Nxe5 22. Rxe5 Rd2 23. b3 Be7 24. Re2 Rxe2 25. Bxe2 Bf6 26. Rd1 Rc2 27. Nd4 Bxd4 28. Rxd4 Kf8 29. Bd1 Rxa2 30. h3 Rb2 31. b4 Ke7 32. Ba4 h5 33. Kh2 g5 34. h4 f6 35. Kg3 Re2 36. Bb5 Re5 37. Bd3 Rd5 38. Rxd5 Bxd5 39. Bg6 Bf7 40. Be4 Kd6 41. Bxb7 Ke5 42. Bc6 Kd4 43. hxg5 fxg5 44. f4 h4+ 45. Kg4 gxf4 46. Kxf4 Be6 47. Kg5 h3 48. gxh3 Bxh3 49. Kf4 Be6 50. b5 Bc4 51. Be8 Kc5 52. Ke3 Bxb5 53. Bg6 Bc4 54. Kd2 Kb4 55. Kc2 Ka3 56. Kc1 b5 57. Bf5 b4 58. Be4 b3 59. Kb1 b2 60. Kc2 Ka2 61. Kc3 Bf7 62. Bd3 Ka1 63. Bc2 Ba2 64. Bd3 Bb1 0-1